Welcome to the Holygrace Academy Library

Please use search bar below to get started

PONAM (Record no. 7153)

MARC details
000 -LEADER
fixed length control field 00283nam a22001337a 4500
020 ## - INTERNATIONAL STANDARD BOOK NUMBER
ISBN 978-93-5482-807-2
082 ## - DEWEY DECIMAL CLASSIFICATION NUMBER
Classification number 894.812.3
Item number PRA/P
100 ## - MAIN ENTRY--AUTHOR NAME
Personal name PRASANTH,K.N
245 ## - TITLE STATEMENT
Title PONAM
260 ## - PUBLICATION, DISTRIBUTION, ETC. (IMPRINT)
Place of publication KERALA
Name of publisher DC BOOKS
300 ## - PHYSICAL DESCRIPTION
Number of Pages 280
650 ## - SUBJECT ADDED ENTRY--TOPICAL TERM
Topical Term NOVEL MALAYALAM
Geographic subdivision KERALA
942 ## - ADDED ENTRY ELEMENTS (KOHA)
Koha item type Books
Holdings
Withdrawn status Lost status Collection code Home library Current library Shelving location Date acquired Source of acquisition Full call number Accession Number Koha item type
    Fiction Main Library Main Library NEW SHELF WITH NEW ENTRY 26/10/2023 PURCHASE 894.812.3 PRA/P 13128 Books